English Geography By Letter: B - Statistics

General Stats
  • This quiz has been taken 671 times
  • The average score is 7 of 10
Answer Stats
Hint Answer % Correct
Large city in the West Midlands Birmingham
99%
Famous Roman spa town Bath
97%
City and seaside resort on the south coast Brighton
92%
The bell in Elizabeth Tower, or colloquially the tower itself Big Ben
89%
Sixth largest city in England Bristol
83%
Home of a famous Pleasure Beach Blackpool
80%
Large town on the south coast with a symphony orchestra Bournemouth
70%
Often called the northernmost town in England Berwick-upon-Tweed
49%
Birthplace of David Hockney Bradford
43%
Home of the Enigma code breakers Bletchley Park
42%
No matching quizzes found
Score Distribution
Percent of People with Each Score
Percentile by Number Answered
Your Score History
You have not taken this quiz